Продаж сільськогосподарськими підприємствами продукції рослинництва та тваринництва по всіх каналах реалізації за 2008 рік (Запис № 349632)

МАРК-запис
000 -Лідер
fixed length control field 00850nam a22002177a 4500
001 - Контрольний номер
control field 63629
003 - Ідентифікатор контрольного номера
control field UA-OsUOA
005 - Дата та час останнього входження (трансакції)
control field 20220516140438.0
007 - Фіксоване поле фізичного опису
fixed length control field ta
008 - Елементи даних фіксованої довжини – загальна інформація
fixed length control field 20091012b un ||||| |||| 00| 0 ukr d
040 ## - Джерело каталогізації
Агенція оригінальної каталогізації UA-OsUOA
Мова каталогізації ukr
Агенція, яка здійснювала перезапис UA-OsUOA
Агенція, яка здійснювала модифікацію UA-OsUOA
041 ## - Код мови
Код мови тексту/ звукової доріжки чи окремого заголовка (П) ukr
080 ## - Індекс Універсальної десяткової класифікації
Індекс Універсальної десяткової класифікації (УДК) (НП) 311.313(477.81)
090 ## - Локальний шифр розміщення
Класифікаційний індекс УДК 311.313(477.81)
Авторський знак (НП) П78
245 ## - Відомості про назву
Назва (НП) Продаж сільськогосподарськими підприємствами продукції рослинництва та тваринництва по всіх каналах реалізації за 2008 рік
Решта назви (НП) статистичний бюлетень
Дані про відповідальність (НП) Т. Ю. Бутковська
260 ## - Публікація, розповсюдження і т.п. (Вихідні дані)
Місце публікації, розповсюдження і т.п. (П) Рівне
Ім’я/ наймення видавництва, розповсюджувача і т.п. (П) ГУС
Дата публікації, розповсюдження і т.п. (П) 2009
300 ## - Фізичний опис
Обсяг 48 с.
650 #7 - Додаткове предметне введення – тематичний термін
Тематичний термін чи географічна назва, як елемент введення (НП) 311 Статистика як наука. Теорія статистики
Джерело заголовка чи терміна UDC
942 ## - Додаткові елементи входу (Коха)
Тип елемента Koha Книги
Source of classification or shelving scheme Universal Decimal Classification
955 ## - Код типу видання за змістом
Код типу видання за змістом (НП) Навчальні видання
Фонди
Стан вилучень Стан втрат Джерело класифікації або схеми стелажів Стан уражень Не для кредиту Постійне місце розташування Поточне розміщення Дата придбання Джерело придбання Вартість, звичайна ціна покупки Інвентарний номер Усього замовленно Повний номер виклику Штрих-код Дата останнього перегляду Ціна ефективна від Тип елемента Koha
    Universal Decimal Classification     ЧЗ - Читальна зала ЧЗ - Читальна зала 12/10/2009 125/2009 22.00 123570   311.313(477.81) П78 123570 07/02/2022 12/10/2009 Книги
    Universal Decimal Classification     ЧЗ - Читальна зала ЧЗ - Читальна зала 12/10/2009 125/2009 22.00 123571   311.313(477.81) П78 123571 07/02/2022 12/10/2009 Книги